| 000 | 01006cam a2200217 4500 | ||
|---|---|---|---|
| 001 | J124697 | ||
| 008 | 031224n2003 000 0 eng u | ||
| 035 | _a(Sirsi) u124697 | ||
| 100 | _aBarker, Kate | ||
| 245 |
_aSecuring our future housing needs _bthe final report of the Barker review of housing supply _h[electronic resource] |
||
| 260 |
_aLondon _bHM Treasury _c2003 |
||
| 520 | _aThe review examines factors that might be limiting the supply of housing arising from industry or policy. The main constraint identified is land supply. | ||
| 650 | _aHOUSING | ||
| 650 | _aHOUSING SUPPLY | ||
| 650 | _aHOUSE CONSTRUCTION | ||
| 650 | _aBARKER REVIEW OF HOUSING SUPPLY: SECURING OUR FUTURE HOUSING NEEDS | ||
| 690 | _aHOUSING-DEVELOPMENT | ||
| 710 |
_aUnited Kingdom _bHM Treasury |
||
| 856 |
_uhttps://webarchive.nationalarchives.gov.uk/+/http://www.hm-treasury.gov.uk/consultations_and_legislation/barker/consult_barker_index.cfm _zView the vinzl report on the HM Treasury website |
||
| 942 | _n0 | ||
| 999 |
_c103267 _d103267 |
||